ნორმალური ფორმატი
MARC ფორმატი
ჩანაწერი Personal Name
ჩანაწერთა რაოდენობა, რომელიც გამოყენებულია: 1
001 - CONTROL NUMBER
- control field: 24680
003 - CONTROL NUMBER IDENTIFIER
- control field: GE_BSU
005 - DATE AND TIME OF LATEST TRANSACTION
- control field: 20250326112403.0
008 - FIXED-LENGTH DATA ELEMENTS
- fixed length control field: 250326|| aca||aabn | a|a d
040 ## - CATALOGING SOURCE
- Original cataloging agency: GE_BSU
- Transcribing agency: GE_BSU
100 ## - HEADING--PERSONAL NAME
- Personal name: ორბელიანი, სულხან-საბა (1658-1725)
670 ## - SOURCE DATA FOUND
- Source citation: Work cat.: (GE_BSU)53007: ორბელიანი, სულხან-საბა (1658-1725), სიბრძნე სიცრუისა ; მოგზაურობა ევროპაში /
